Cultura: política cultural y política pública /

Guardat en:
Dades bibliogràfiques
Autor principal: Pulido, Orlando
Format: Text
Etiquetes: Afegir etiqueta
Sense etiquetes, Sigues el primer a etiquetar aquest registre!

MARC

LEADER 00000 a a2200000 04500
001 16312
003
040
100 |a Pulido, Orlando  
245 |a Cultura: política cultural y política pública /  |c Orlando Pulido 
773 |g número 8; páginas 73-82  
999 |c 23026  |d 23026